000 00506nam a2200205 a 4500
999 _c7297
_d7297
001 7297
003 BD-JhCC
005 20180207165356.0
008 180207s1965 uk |||| |||| 000 0 eng d
035 _a(BD-JhCC)
040 _aBD-JhCC
_dBD-JhCC
041 _aeng
082 _a823.91
_bMAY 1965
100 _aMayne, William
245 _aUnderground Alley /
_cWilliam Mayne
260 _aLondon:
_bOxford University Press;
_c1965
300 _a168 p;
_c22 cm
650 _aShort stories
942 _2ddc
_cBK